<?xml version="1.0" encoding="UTF-8"?>
<record
    xmlns:xsi="http://www.w3.org/2001/XMLSchema-instance"
    xsi:schemaLocation="http://www.loc.gov/MARC21/slim http://www.loc.gov/standards/marcxml/schema/MARC21slim.xsd"
    xmlns="http://www.loc.gov/MARC21/slim">

  <leader>02550nam a22004097u 4500</leader>
  <controlfield tag="001">pwiiw4631</controlfield>
  <controlfield tag="003">OSt</controlfield>
  <controlfield tag="005">20260516120039.0</controlfield>
  <controlfield tag="008">181019t2018    au ||||| |||| 00| ||eng d</controlfield>
  <datafield tag="040" ind1=" " ind2=" ">
    <subfield code="c">OSt</subfield>
  </datafield>
  <datafield tag="041" ind1=" " ind2=" ">
    <subfield code="a">eng</subfield>
  </datafield>
  <datafield tag="084" ind1=" " ind2=" ">
    <subfield code="a">D24</subfield>
    <subfield code="a">F14</subfield>
    <subfield code="a">F41</subfield>
    <subfield code="a">E64</subfield>
    <subfield code="2">jelc</subfield>
  </datafield>
  <datafield tag="100" ind1="1" ind2=" ">
    <subfield code="a">Ghodsi, Mahdi</subfield>
  </datafield>
  <datafield tag="245" ind1="1" ind2="0">
    <subfield code="a">Austria&#x2019;s Economic Competitiveness in a Neighbourhood Context: Is Austria&#x2019;s Economy Locked-in to the CESEE Region?</subfield>
  </datafield>
  <datafield tag="260" ind1=" " ind2=" ">
    <subfield code="a">Wien :</subfield>
    <subfield code="b">Wiener Institut f&#xFC;r Internationale Wirtschaftsvergleiche (wiiw),</subfield>
    <subfield code="c">2018.</subfield>
  </datafield>
  <datafield tag="300" ind1=" " ind2=" ">
    <subfield code="a">21 S., </subfield>
    <subfield code="b">11 Figures,</subfield>
    <subfield code="c">30cm.</subfield>
  </datafield>
  <datafield tag="490" ind1="1" ind2=" ">
    <subfield code="a">wiiw Policy Notes and Reports</subfield>
    <subfield code="v">26</subfield>
  </datafield>
  <datafield tag="520" ind1=" " ind2=" ">
    <subfield code="a">Since the Eastern enlargement of the EU in 2004, Austria has lost global export market shares. At the same time exports to Central, East and Southeast Europe (CESEE) have gained a significant portion of Austria&#x2019;s total exports. Moreover, in recent years Austrian GDP growth has slowed down and unemployment increased. In this context our main research question is whether the opening to the East has had a structural lock-in effect for Austria&#x2019;s economy. In a novel approach on the territorial lock-in effect we apply a multi-perspective view from a microeconomic (firm-level), mesoeconomic (industry-level) and macroeconomic (country-level) perspective. The major finding is that by and large Austria is not subject to a lock-in effect into CESEE markets. On the contrary, the results suggest a growing internationalisation of the Austrian export structure. Nevertheless, policy recommendations that aim at further improving Austria&#x2019;s competitiveness include a productivity&#x2011;oriented wage policy, an industrial policy that aims at technological upgrading, support for European policy measures that speed up income convergence across the continent as well as additional measures to internationalise Austrian businesses with a focus on the booming emerging markets in India and Africa.
</subfield>
  </datafield>
  <datafield tag="650" ind1=" " ind2=" ">
    <subfield code="a">competitiveness</subfield>
  </datafield>
  <datafield tag="650" ind1=" " ind2=" ">
    <subfield code="a">lock-in effect</subfield>
  </datafield>
  <datafield tag="650" ind1=" " ind2=" ">
    <subfield code="a">total factor productivity</subfield>
  </datafield>
  <datafield tag="650" ind1=" " ind2=" ">
    <subfield code="a">value added trade</subfield>
  </datafield>
  <datafield tag="650" ind1=" " ind2=" ">
    <subfield code="a">real exchange rate</subfield>
  </datafield>
  <datafield tag="650" ind1=" " ind2=" ">
    <subfield code="a">Eastern Europe</subfield>
  </datafield>
  <datafield tag="650" ind1=" " ind2=" ">
    <subfield code="a">Austria</subfield>
  </datafield>
  <datafield tag="651" ind1=" " ind2=" ">
    <subfield code="a">Austria</subfield>
  </datafield>
  <datafield tag="651" ind1=" " ind2=" ">
    <subfield code="a">CESEE</subfield>
  </datafield>
  <datafield tag="690" ind1=" " ind2=" ">
    <subfield code="a">International Trade, Competitiveness and FDI</subfield>
  </datafield>
  <datafield tag="700" ind1="1" ind2=" ">
    <subfield code="a">Hanzl-Weiss, Doris</subfield>
  </datafield>
  <datafield tag="700" ind1="1" ind2=" ">
    <subfield code="a">Holzner, Mario</subfield>
  </datafield>
  <datafield tag="700" ind1="1" ind2=" ">
    <subfield code="a">Pindyuk, Olga</subfield>
  </datafield>
  <datafield tag="700" ind1="1" ind2=" ">
    <subfield code="a">St&#xF6;llinger, Roman</subfield>
  </datafield>
  <datafield tag="700" ind1="1" ind2=" ">
    <subfield code="a">Heimberger, Philipp</subfield>
  </datafield>
  <datafield tag="830" ind1=" " ind2="0">
    <subfield code="v">26</subfield>
    <subfield code="w">WIIW0000092</subfield>
    <subfield code="t">wiiw Policy Notes and Reports</subfield>
  </datafield>
  <datafield tag="856" ind1="4" ind2="0">
    <subfield code="u">https://wiiw.ac.at/p-4631.html</subfield>
  </datafield>
  <datafield tag="942" ind1=" " ind2=" ">
    <subfield code="c">P</subfield>
  </datafield>
  <datafield tag="999" ind1=" " ind2=" ">
    <subfield code="c">8553</subfield>
    <subfield code="d">8553</subfield>
  </datafield>
  <datafield tag="952" ind1=" " ind2=" ">
    <subfield code="0">0</subfield>
    <subfield code="1">0</subfield>
    <subfield code="4">0</subfield>
    <subfield code="7">0</subfield>
    <subfield code="a">BIB</subfield>
    <subfield code="b">BIB</subfield>
    <subfield code="c">1</subfield>
    <subfield code="d">2018-10-19</subfield>
    <subfield code="i">pwiiw4631</subfield>
    <subfield code="l">0</subfield>
    <subfield code="o">/26</subfield>
    <subfield code="p">1000010004631</subfield>
    <subfield code="r">2018-10-19 00:00:00</subfield>
    <subfield code="w">2018-10-18</subfield>
    <subfield code="y">P</subfield>
  </datafield>
</record>
